René del Risco Bermúdez : (Registro nro. 57914)
[ vista simple ]
| 000 -CABECERA | |
|---|---|
| campo de control de longitud fija | 00740nab a2200157 a 4500 |
| 005 - FECHA Y HORA DE LA ÚLTIMA TRANSACCIÓN | |
| campo de control | 20241018122229.0 |
| 007 - CAMPO FIJO DE DESCRIPCIÓN FÍSICA--INFORMACIÓN GENERAL | |
| campo de control de longitud fija | ta |
| 008 - DATOS DE LONGITUD FIJA--INFORMACIÓN GENERAL | |
| campo de control de longitud fija | 241018e2022 dr |||||r||||||0| | spa d |
| 040 ## - FUENTE DE LA CATALOGACIÓN | |
| Centro catalogador/agencia de origen | DO-SdBNP |
| Centro/agencia transcriptor | BNPHU |
| Normas de descripción | rda |
| 041 ## - CÓDIGO DE LENGUA | |
| Código de lengua original | spa |
| 100 1# - ENTRADA PRINCIPAL--NOMBRE DE PERSONA | |
| Nombre de persona | Risco Bermúdez, René del, |
| Fechas asociadas al nombre | 1937-1972 |
| 9 (RLIN) | 12315 |
| 245 ## - MENCIÓN DE TÍTULO | |
| Título | René del Risco Bermúdez : |
| Resto del título | cinco décadas de un adiós prolongado. |
| 300 ## - DESCRIPCIÓN FÍSICA | |
| Extensión | páginas 36-37. |
| 520 ## - SUMARIO, ETC. | |
| Sumario, etc. | El 20 de diciembre de 2022, hará cincuenta años de la partida notablemente a destiempo de René del Risco Bermúdez, principal voz de la generación de posguerra, reputado publicista y ser humano de intensa sensibilidad social y artística. |
| 942 ## - ELEMENTOS DE PUNTO DE ACCESO ADICIONAL (KOHA) | |
| Fuente del sistema de clasificación o colocación | Dewey Decimal Classification |
| Tipo de ítem Koha | Publicación periódica |
| Parte de la signatura que corresponde a la clasificación (Parte de la clasificación) | Edición 2. Julio 2022 |
| Estado de retiro | Estado de pérdida | Fuente del sistema de clasificación o colocación | Estado dañado | No para préstamo | Código de colección | Localización permanente | Ubicación/localización actual | Fecha de adquisición | Enumeración/cronología de publicación seriada | Total de préstamos | Fecha visto por última vez | Precio válido a partir de | Tipo de ítem Koha |
|---|---|---|---|---|---|---|---|---|---|---|---|---|---|
| Dewey Decimal Classification | Hemeroteca | Biblioteca Nacional Pedro Henríquez Ureña | Biblioteca Nacional Pedro Henríquez Ureña | 18.10.2024 | Edición 2. Julio 2022 | 18.10.2024 | 18.10.2024 | Publicación periódica |
